| 000 | 00501nam a2200193Ia 4500 | ||
|---|---|---|---|
| 008 | 140306s9999 xx 000 0 und d | ||
| 020 | _a8120403150 | ||
| 041 | _aeng | ||
| 082 |
_a633.3 _bSAT/HA |
||
| 100 | _aChuttopadhyay, S B | ||
| 245 | _aHand book of annual oilseed crops | ||
| 260 |
_aNew Delhi _bOxford and IBH Publishing Company Pvt Ltd _c1988 |
||
| 300 | _a325 | ||
| 365 | _bRs.95 | ||
| 650 | _aGround nut | ||
| 700 | _aHedge, M R | ||
| 700 | _aSatyabrata, Maiti | ||
| 942 |
_2ddc _cBK |
||
| 999 |
_c184686 _d184686 |
||